000
00213nam a2200097Ia 4500
008
220204s9999 xx 000 0 und d
082
_a
82-3
_b
NAN
100
_a
Nandankar
245
0
_a
Sigh for the dawn
942
_c
BK
999
_c
29100
_d
29100